[Event "XIII Open"]
[Site "Crema ITA"]
[Date "2011.09.03"]
[Round "3"]
[White "Miracola, Massimiliano"]
[Black "Regorda, Vittorio"]
[Result "1/2-1/2"]
[WhiteElo "1993"]
[BlackElo "1838"]
[PlyCount "116"]
[EventDate "2011.09.02"]

1. e4 e6 2. d4 d5 3. Nc3 Nf6 4. e5 Nfd7 5. f4 c5 6. Nf3 Nc6 7. Ne2 Qb6 8. c3
Be7 9. a3 c4 10. f5 Na5 11. fxe6 fxe6 12. g3 O-O 13. Bg2 Nb3 14. Rb1 Qd8 15.
Nf4 Nb6 16. Bh3 Nxc1 17. Rxc1 Rxf4 18. gxf4 Bh4+ 19. Kf1 Bd7 20. Rg1 Kh8 21.
Ng5 Bxg5 22. Rxg5 Qg8 23. Qh5 Rf8 24. Rg4 Na4 25. Rc2 Qf7 26. Qxf7 Rxf7 27. Ke2
b5 28. Ke3 Nb6 29. Rf2 g6 30. Rg3 Nc8 31. Bg4 Ne7 32. h4 Nf5+ 33. Bxf5 exf5 34.
Rfg2 Be8 35. h5 Re7 36. h6 a5 37. b3 cxb3 38. Rb2 a4 39. Kd2 Kg8 40. Re3 Re6
41. Kc1 Kf8 42. Rbe2 Ke7 43. Kb2 Bd7 44. Rg3 Kf7 45. Reg2 Rc6 46. Rg5 Rb6 47.
Kc1 Rc6 48. Kb2 Bc8 49. Re2 Be6 50. Rg3 Bd7 51. Kc1 Be6 52. Kd1 Bd7 53. Kc1 Be6
54. Kb2 Bd7 55. Rh3 Bc8 56. Rhe3 Be6 57. Re1 Rb6 58. R3e2 Rc6 1/2-1/2

[Event "XIII Open"]
[Site "Crema ITA"]
[Date "2011.09.03"]
[Round "3"]
[White "Mussap, Angelo"]
[Black "Kizov, Atanas"]
[Result "0-1"]
[WhiteElo "2036"]
[BlackElo "2406"]
[PlyCount "49"]
[EventDate "2011.09.02"]

1. e4 c5 2. Nf3 e6 3. d4 cxd4 4. Nxd4 a6 5. Be2 Nf6 6. Bf3 Qc7 7. O-O d6 8. b3
Nbd7 9. Bg5 Be7 10. Nd2 Ne5 11. Be2 Ng6 12. c4 b6 13. Rc1 Bb7 14. Qc2 Rc8 15.
Qd3 h6 16. Be3 Ne5 17. Qb1 Nfg4 18. h3 Nxe3 19. fxe3 O-O 20. Rf2 Nd7 21. N4f3
Ba8 22. Nf1 Ne5 23. Nd4 Bh4 24. c5 Bxf2+ 25. Kxf2 0-1

[Event "XIII Open"]
[Site "Crema ITA"]
[Date "2011.09.03"]
[Round "3"]
[White "Oteri, Aldo"]
[Black "Martino, Antonio M."]
[Result "1/2-1/2"]
[WhiteElo "1797"]
[BlackElo "1978"]
[PlyCount "109"]
[EventDate "2011.09.02"]

1. e4 d6 2. d4 Nf6 3. Bd3 e5 4. c3 c6 5. Nf3 Nbd7 6. O-O Be7 7. h3 O-O 8. Be3
Re8 9. Nbd2 Bf8 10. a4 h6 11. dxe5 Nxe5 12. Nxe5 dxe5 13. Nf3 Qc7 14. Qe2 Be6
15. Bc2 Nd7 16. Nh4 Bc5 17. Bxc5 Nxc5 18. Nf5 Kh7 19. Rfd1 Rad8 20. Qg4 f6 21.
b4 Nb3 22. Rxd8 Rxd8 23. Rd1 g6 24. Bxb3 Bxb3 25. Rxd8 Qxd8 26. Nh4 Qd1+ 27.
Qxd1 Bxd1 28. a5 Bc2 29. f3 Kg7 30. Kf2 Bb3 31. g4 Be6 32. Ng2 g5 33. Ne3 Kf7
34. Ke2 Ke7 35. Kd3 Kd6 36. c4 b6 37. axb6 axb6 38. Nf1 Bf7 39. Nd2 h5 40. Nb3
Kc7 41. Kc3 hxg4 42. hxg4 b5 43. Nd2 bxc4 44. Nxc4 Bxc4 45. Kxc4 Kb6 46. Kb3
Kb5 47. Kc3 c5 48. bxc5 Kxc5 49. Kd3 Kb4 50. Kc2 Kc4 51. Kd2 Kd4 52. Ke2 Kc3
53. Ke3 Kc2 54. Ke2 Kc1 55. Ke1 1/2-1/2

[Event "XIII Open"]
[Site "Crema ITA"]
[Date "2011.09.03"]
[Round "3"]
[White "Pisani, Valerio"]
[Black "Dallaglio, Giovanni"]
[Result "0-1"]
[WhiteElo "1761"]
[BlackElo "1969"]
[PlyCount "104"]
[EventDate "2011.09.02"]

1. Nc3 d5 2. e4 e6 3. exd5 exd5 4. d4 Nf6 5. h3 Nc6 6. Nf3 Be7 7. a3 Bf5 8. Bb5
O-O 9. Bxc6 bxc6 10. Ne5 Bd6 11. O-O c5 12. Bg5 cxd4 13. Nc6 Qd7 14. Nxd4 Bxh3
15. Bxf6 gxf6 16. Qf3 Be6 17. Qxf6 Be7 18. Qe5 c5 19. Nxe6 fxe6 20. Rae1 d4 21.
Nd5 Qxd5 22. Qxd5 exd5 23. Rxe7 Rab8 24. b3 Rf7 25. Rfe1 Kf8 26. R7e5 Rd8 27.
Rh5 c4 28. b4 Re7 29. Rxe7 Kxe7 30. Rxh7+ Kd6 31. f4 d3 32. cxd3 c3 33. Rh1 a5
34. Kf2 axb4 35. axb4 d4 36. Ke2 Re8+ 37. Kd1 Rg8 38. Rg1 Rg3 39. Kc2 Kd5 40.
f5 Ke5 41. f6 Kxf6 42. b5 Ke5 43. Re1+ Kd5 44. Re2 Kc5 45. Rf2 Kxb5 46. Re2 Kb4
47. Rf2 Ka3 48. Re2 Ka2 49. Rf2 Re3 50. Kc1+ Kb3 51. Rf1 Rxd3 52. Rg1 Rg3 0-1

[Event "XIII Open"]
[Site "Crema ITA"]
[Date "2011.09.03"]
[Round "3"]
[White "Scarabelli, Maurizio"]
[Black "Adami, Alessandro"]
[Result "1-0"]
[WhiteElo "1817"]
[BlackElo "1712"]
[PlyCount "53"]
[EventDate "2011.09.02"]

1. e4 c5 2. Nf3 d6 3. d4 cxd4 4. Nxd4 Nf6 5. Nc3 a6 6. Be3 e5 7. Nb3 Be6 8. f3
Be7 9. Qd2 O-O 10. O-O-O b5 11. Kb1 b4 12. Nd5 Bxd5 13. exd5 a5 14. g4 a4 15.
Nc1 Qa5 16. h4 Nbd7 17. g5 Nh5 18. Bd3 Nc5 19. Bxc5 Qxc5 20. Be4 Rfb8 21. Nd3
Qb5 22. Nxe5 dxe5 23. d6 Ra7 24. dxe7 Rxe7 25. Qd6 Ra7 26. Rd5 Qb6 27. Qxb6 1-0

[Event "XIII Open"]
[Site "Crema ITA"]
[Date "2011.09.03"]
[Round "3"]
[White "Schiatti, Piero"]
[Black "Gemelli, Giovanni"]
[Result "0-1"]
[WhiteElo "1963"]
[BlackElo "1741"]
[PlyCount "110"]
[EventDate "2011.09.02"]

1. c4 Nf6 2. Nc3 g6 3. d4 Bg7 4. e4 d6 5. f3 O-O 6. Be3 e5 7. d5 a5 8. Qd2 Na6
9. Bd3 Nd7 10. Nge2 Nac5 11. Bc2 f5 12. exf5 gxf5 13. O-O-O Qh4 14. b3 a4 15.
Bg5 Qh5 16. Ng3 Qg6 17. b4 Na6 18. Nxf5 Rxf5 19. g4 Qxg5 20. Bxf5 Qxd2+ 21.
Kxd2 Bh6+ 22. Ke2 Nb6 23. Bxc8 Rxc8 24. c5 dxc5 25. bxc5 Nxc5 26. g5 Bg7 27.
Ne4 Ncd7 28. Rc1 Bf8 29. Rhd1 Kg7 30. h4 Kg6 31. Rc2 Kf7 32. Rdc1 Nxd5 33. Rd1
N7b6 34. h5 Be7 35. g6+ hxg6 36. hxg6+ Kxg6 37. Nc5 Bxc5 38. Rxc5 c6 39. Rg1+
Kf6 40. Rh1 Rc7 41. Rh6+ Ke7 42. Rc1 Rd7 43. Rh8 Ke6 44. Rh6+ Nf6 45. Rb1 Nbd5
46. Rc1 Rd8 47. Rc4 a3 48. Kf2 Nf4 49. Rc2 Rd6 50. Rh8 b5 51. Rc8 Kd7 52. Ra8
b4 53. Ra7+ Ke6 54. Rc7 Nd3+ 55. Ke3 Nd5+ 0-1

[Event "XIII Open"]
[Site "Crema ITA"]
[Date "2011.09.03"]
[Round "3"]
[White "Tagliaferri, Valerio"]
[Black "Volpati, Antonio"]
[Result "1-0"]
[WhiteElo "1850"]
[BlackElo "1670"]
[PlyCount "141"]
[EventDate "2011.09.02"]

1. e4 e5 2. Nf3 Nc6 3. Bb5 a6 4. Ba4 Nf6 5. O-O Be7 6. Re1 b5 7. Bb3 O-O 8. c3
Bb7 9. d3 d6 10. Nbd2 Na5 11. Bc2 Bc6 12. Nf1 Nb7 13. d4 exd4 14. cxd4 d5 15.
e5 Ne4 16. Ng3 Qd7 17. Nxe4 dxe4 18. Bxe4 Bxe4 19. Rxe4 Qd5 20. Re1 Rad8 21.
Qe2 c5 22. Be3 cxd4 23. Bxd4 Nc5 24. Red1 Qe4 25. Qxe4 Nxe4 26. Rac1 Ng5 27.
Ne1 Ne6 28. Bb6 Rxd1 29. Rxd1 Bc5 30. Bxc5 Nxc5 31. Rd6 Ra8 32. f3 Kf8 33. Kf2
Ke7 34. Ke3 Rc8 35. Nd3 Nxd3 36. Kxd3 Rc1 37. Rxa6 Rb1 38. b3 Rb2 39. g4 Rxh2
40. Rb6 Rxa2 41. Rxb5 Rf2 42. Ke3 Rb2 43. Rb6 Rb1 44. b4 Re1+ 45. Kf4 Rc1 46.
b5 Rc4+ 47. Kg3 Rc5 48. f4 Rc3+ 49. Kh4 Rc4 50. f5 Rb4 51. Rb7+ Ke8 52. e6 fxe6
53. fxe6 Re4 54. Rxg7 Rxe6 55. Rxh7 Rb6 56. Rh5 Kf7 57. Rf5+ Kg6 58. Rc5 Kf7
59. g5 Rb8 60. Rf5+ Kg7 61. Rc5 Rh8+ 62. Kg4 Rh1 63. Rc7+ Kg6 64. Rc6+ Kg7 65.
g6 Rg1+ 66. Kf5 Rf1+ 67. Ke6 Kxg6 68. b6 Rb1 69. Kd7+ Kf7 70. Kc7 Ra1 71. b7
1-0

[Event "XIII Open"]
[Site "Crema ITA"]
[Date "2011.09.03"]
[Round "3"]
[White "Vezzosi, Paolo"]
[Black "Rota, Simone"]
[Result "0-1"]
[WhiteElo "2351"]
[BlackElo "2002"]
[PlyCount "65"]
[EventDate "2011.09.02"]

1. e4 c5 2. Nc3 Nc6 3. f4 d6 4. Bc4 e6 5. Nf3 a6 6. a4 Nf6 7. O-O Be7 8. d3 d5
9. Ba2 d4 10. Ne2 O-O 11. h3 b5 12. g4 Qb6 13. g5 Nh5 14. Kg2 Kh8 15. Ng3 Nxg3
16. Kxg3 Bd7 17. Bb3 Na5 18. Ne5 Be8 19. Bd2 Nxb3 20. cxb3 f6 21. gxf6 gxf6 22.
Nf3 Rg8+ 23. Kh2 Bh5 24. axb5 Qxb5 25. Qc2 Rab8 26. Ra3 f5 27. Ba5 fxe4 28. Bc7
Rbf8 29. Ra5 Qb7 30. Be5+ Bf6 31. dxe4 Bxe5 32. Nxe5 Qg7 33. h4 0-1

[Event "XIII Open"]
[Site "Crema ITA"]
[Date "2011.09.03"]
[Round "3"]
[White "Villa, Giorgio"]
[Black "Puricelli, Riccardo"]
[Result "1-0"]
[WhiteElo "1901"]
[BlackElo "1672"]
[PlyCount "105"]
[EventDate "2011.09.02"]

1. d4 e6 2. Nf3 f5 3. g3 Nf6 4. Bg2 d5 5. O-O Bd6 6. c4 c6 7. Qc2 O-O 8. Nc3
Qe8 9. b3 Qh5 10. h3 Bd7 11. Ne5 g5 12. cxd5 exd5 13. f4 g4 14. hxg4 Nxg4 15.
Nxg4 Qxg4 16. Qd3 Be6 17. Qf3 h5 18. Kf2 Nd7 19. Rh1 Nf6 20. Bh3 Qg6 21. Bd2
Rae8 22. Rag1 Kf7 23. Ke1 Ke7 24. Kd1 Kd8 25. Kc1 Rg8 26. Bf1 Rg7 27. Be1 Reg8
28. Bg2 Qe8 29. Qf1 Kc8 30. Bf3 Bf7 31. Bf2 Rh7 32. Qd1 Rgh8 33. Rh4 Be7 34.
Rh3 Ng4 35. Qe1 Bb4 36. Kb2 Qd8 37. a3 Bd6 38. Rgh1 Bg6 39. Bg1 Qe7 40. b4 a5
41. Na2 Kc7 42. Qc3 axb4 43. Nxb4 Bxb4 44. axb4 Nf6 45. Bf2 Ne4 46. Bxe4 fxe4
47. e3 Bf5 48. R3h2 Bg4 49. b5 Be2 50. bxc6 bxc6 51. Ra1 Rb8+ 52. Kc1 Rb7 53.
Be1 1-0

[Event "XIII Open"]
[Site "Crema ITA"]
[Date "2011.09.03"]
[Round "3"]
[White "Vuckovic, Dimitrije"]
[Black "Borboni, Paolo"]
[Result "0-1"]
[WhiteElo "1580"]
[BlackElo "1726"]
[PlyCount "104"]
[EventDate "2011.09.02"]

1. Nf3 d5 2. c4 e6 3. g3 Nf6 4. Bg2 Be7 5. O-O O-O 6. d4 Nbd7 7. b3 c6 8. Nc3
Re8 9. Bb2 Qc7 10. Rc1 Bf8 11. Re1 g6 12. e4 dxe4 13. Nxe4 Nxe4 14. Rxe4 Bg7
15. Qe2 b6 16. d5 Bxb2 17. Qxb2 Nc5 18. Re3 cxd5 19. cxd5 Qd8 20. Rce1 Bb7 21.
dxe6 Rxe6 22. Rxe6 Nxe6 23. Qe2 Qc7 24. Rd1 Rd8 25. Rxd8+ Qxd8 26. Ne1 Bxg2 27.
Kxg2 Qg5 28. Qe3 Qxe3 29. fxe3 Kg7 30. Nd3 Kf6 31. Kf3 Nd8 32. Nb4 Ke6 33. Ke4
Kd6 34. h4 f5+ 35. Kd4 b5 36. a3 Ne6+ 37. Kd3 Nc5+ 38. Kc2 Ne4 39. Nd3 Nxg3 40.
Nf4 Ke5 41. Kc3 a5 42. a4 Ne4+ 43. Kd3 Nc5+ 44. Kc3 bxa4 45. b4 axb4+ 46. Kxb4
Ne6 47. Ng2 Ke4 48. Kxa4 Kf3 49. Ne1+ Kxe3 50. Nc2+ Kf4 51. Kb3 Kg4 52. h5 Kxh5
0-1

[Event "XIII Open"]
[Site "Crema ITA"]
[Date "2011.09.03"]
[Round "4"]
[White "Adami, Alessandro"]
[Black "Guasconi, Lelio"]
[Result "1-0"]
[WhiteElo "1712"]
[BlackElo "1614"]
[PlyCount "103"]
[EventDate "2011.09.02"]

1. e4 c5 2. Nc3 Nc6 3. g3 b6 4. Bg2 Rb8 5. d3 Nf6 6. f4 d6 7. h3 Bb7 8. Nf3 e6
9. Ne2 Be7 10. g4 e5 11. f5 h6 12. Ng3 Nd4 13. c3 Nxf3+ 14. Qxf3 d5 15. Bd2
dxe4 16. dxe4 Ba6 17. O-O-O Qc7 18. h4 Nd7 19. g5 hxg5 20. hxg5 Rxh1 21. Rxh1
Bf8 22. Rh8 c4 23. Nh5 Nc5 24. Nxg7+ Kd7 25. f6 Kc6 26. Qg4 Rd8 27. Bf1 Qd6 28.
Rh2 b5 29. Nf5 Qd7 30. Qf3 Bb7 31. Be3 Nd3+ 32. Bxd3 cxd3 33. Rd2 Ba6 34. Qg3
Qc7 35. g6 fxg6 36. Qxg6 Kb7 37. Rh2 Rd7 38. Bd2 b4 39. Qg8 Bc5 40. Qb3 Bf8 41.
Ne3 Ka8 42. Rh8 Rf7 43. Qxb4 Qc8 44. Qb3 Rb7 45. Qd5 Qb8 46. Nf5 Bc4 47. Qxc4
a5 48. Qd5 a4 49. Nd6 Qc7 50. Rxf8+ Ka7 51. Qxb7+ Qxb7 52. Nxb7 1-0

[Event "XIII Open"]
[Site "Crema ITA"]
[Date "2011.09.03"]
[Round "4"]
[White "Agnelli, Francesco"]
[Black "Dragojlovic, Andjelko"]
[Result "0-1"]
[WhiteElo "2046"]
[BlackElo "2381"]
[PlyCount "56"]
[EventDate "2011.09.02"]

1. e4 c5 2. Nf3 g6 3. d4 cxd4 4. Nxd4 Bg7 5. c4 Qb6 6. Nb3 d6 7. Nc3 Bxc3+ 8.
bxc3 Nf6 9. Be3 Qc7 10. f3 Nbd7 11. Be2 b6 12. Bd4 O-O 13. Nd2 Ne5 14. f4 Nc6
15. O-O Bb7 16. Bf3 e5 17. fxe5 Nxe5 18. Qe1 Nfd7 19. Be2 Nc5 20. Qh4 Rae8 21.
Rae1 Qe7 22. Qh6 f6 23. Qe3 Bc6 24. Rf2 Qb7 25. Bxe5 Rxe5 26. Qd4 Qe7 27. Rd1
Bxe4 28. Bf3 Ne6 0-1

[Event "XIII Open"]
[Site "Crema ITA"]
[Date "2011.09.03"]
[Round "4"]
[White "Biava, Pierluigi"]
[Black "Baccarin, Stefano"]
[Result "0-1"]
[WhiteElo "1698"]
[BlackElo "1770"]
[PlyCount "74"]
[EventDate "2011.09.02"]

1. f4 d5 2. Nf3 Nc6 3. c3 Nf6 4. d3 e6 5. Na3 Be7 6. Nc2 O-O 7. g3 d4 8. Nfxd4
Nxd4 9. Nxd4 Qd5 10. Nf3 Rd8 11. Bg2 Qh5 12. Be3 Qb5 13. Qc2 Ng4 14. Bg1 c5 15.
h3 Nf6 16. O-O-O Qa5 17. Kb1 Rb8 18. Nd2 b5 19. Nb3 Qc7 20. e4 a5 21. d4 c4 22.
Nc5 Nd7 23. Nxd7 Bxd7 24. d5 b4 25. Bd4 b3 26. axb3 Rxb3 27. Qe2 Ba3 28. Rd2
Rdb8 29. Be5 Bd6 30. Bxd6 Qxd6 31. e5 Qa3 32. Rc1 exd5 33. g4 d4 34. Be4 dxc3
35. Rxc3 Rxc3 36. Rxd7 Rcb3 37. Rd2 c3 0-1

[Event "XIII Open"]
[Site "Crema ITA"]
[Date "2011.09.03"]
[Round "4"]
[White "Borboni, Paolo"]
[Black "Pinna, Ferdinando"]
[Result "0-1"]
[WhiteElo "1726"]
[BlackElo "1903"]
[PlyCount "74"]
[EventDate "2011.09.02"]

1. d4 Nf6 2. c4 g6 3. Nc3 d5 4. cxd5 Nxd5 5. e4 Nxc3 6. bxc3 Bg7 7. Bc4 c5 8.
Be3 Nc6 9. Ne2 O-O 10. h4 cxd4 11. cxd4 Qd6 12. Rc1 Na5 13. Bb3 Nxb3 14. Qxb3
b6 15. f3 Ba6 16. e5 Qd7 17. h5 Rfc8 18. Rxc8+ Rxc8 19. hxg6 hxg6 20. Qb1 Qb5
21. Qxb5 Bxb5 22. Nf4 Rc2 23. Kd1 Ba4 24. Ke1 Rxa2 25. Rh2 Bb5 26. Bc1 e6 27.
Kd1 Bf8 28. d5 g5 29. Nh5 Be2+ 30. Ke1 Bb4+ 31. Kf2 Bc4+ 32. Kg3 exd5 33. Bxg5
Bf1 34. Nf6+ Kg7 35. Rh7+ Kg6 36. Rh6+ Kxg5 37. Rh5+ Kg6 0-1

[Event "XIII Open"]
[Site "Crema ITA"]
[Date "2011.09.03"]
[Round "4"]
[White "Cervini, Ernesto"]
[Black "Vecchio, Paolo L."]
[Result "1-0"]
[WhiteElo "1776"]
[BlackElo "1335"]
[PlyCount "77"]
[EventDate "2011.09.02"]

1. e4 e5 2. Nf3 Nc6 3. Bc4 d6 4. h3 Be6 5. Bxe6 fxe6 6. Nc3 Nd4 7. d3 Nxf3+ 8.
Qxf3 Qf6 9. Qe2 h6 10. Be3 a6 11. O-O-O Qd8 12. d4 exd4 13. Bxd4 Nf6 14. e5 Nh5
15. Qxh5+ Kd7 16. exd6 Qg5+ 17. Qxg5 hxg5 18. dxc7 Kxc7 19. Be5+ Kc6 20. Ne4
Be7 21. Bxg7 Rhd8 22. Be5 b5 23. Bf6 Re8 24. Bxe7 Rxe7 25. Nxg5 Rg7 26. h4 e5
27. Rd2 e4 28. Rhd1 Rg6 29. g3 Re8 30. Re2 e3 31. Rxe3 Rf8 32. f4 Rf5 33. Re5
Rff6 34. f5 Rh6 35. Re6+ Kc5 36. Ne4+ Kc4 37. Rxf6 Rh7 38. b3+ Kb4 39. Rxa6 1-0

[Event "XIII Open"]
[Site "Crema ITA"]
[Date "2011.09.03"]
[Round "4"]
[White "Cocconcelli, Lorenzo"]
[Black "Attuati, Stefano"]
[Result "1/2-1/2"]
[WhiteElo "1859"]
[BlackElo "1977"]
[PlyCount "80"]
[EventDate "2011.09.02"]

1. d4 e6 2. c4 f5 3. g3 Nf6 4. Bg2 d5 5. Nf3 c6 6. O-O Bd6 7. Nc3 O-O 8. Qc2
Ne4 9. Rb1 Qe7 10. b4 b6 11. b5 Bb7 12. bxc6 Nxc6 13. Nb5 Bb4 14. cxd5 exd5 15.
Qb3 a6 16. Na3 Nc3 17. Bg5 Qd6 18. Nc2 Nxb1 19. Bf4 Qe7 20. Bg5 Qc7 21. Nxb4
Nxb4 22. Rxb1 Nc6 23. Qxb6 Qxb6 24. Rxb6 Rf7 25. Ne5 Nxe5 26. dxe5 Kf8 27. e6
Rc7 28. Bf4 Rac8 29. Bxc7 Rxc7 30. Bf3 g5 31. h3 Ke7 32. e3 g4 33. hxg4 fxg4
34. Bg2 a5 35. Rb5 Kxe6 36. Rxa5 Rc1+ 37. Kh2 Rc2 38. Kg1 Rc1+ 39. Kh2 Rc2 40.
Kg1 Rc1+ 1/2-1/2

[Event "XIII Open"]
[Site "Crema ITA"]
[Date "2011.09.03"]
[Round "4"]
[White "Coppola, Federico"]
[Black "Adami, Antonio"]
[Result "1-0"]
[WhiteElo "1802"]
[BlackElo "1722"]
[PlyCount "115"]
[EventDate "2011.09.02"]

1. e4 c5 2. Nf3 d6 3. d4 cxd4 4. Nxd4 Nf6 5. Nc3 a6 6. Bg5 e6 7. f4 b5 8. e5
dxe5 9. fxe5 Qc7 10. exf6 Qe5+ 11. Be2 Qxg5 12. O-O Ra7 13. Qd3 Rd7 14. Ne4 Qe5
15. c3 g6 16. Rad1 Bb7 17. Bf3 Bxe4 18. Bxe4 Bd6 19. g3 h5 20. Rc1 Bc5 21. Bc6
Qd6 22. Bxd7+ Nxd7 23. Qe4 O-O 24. Kg2 e5 25. Nb3 Bb6 26. Rcd1 Qe6 27. Qd5 Qg4
28. Qf3 Qe6 29. Nd2 Bd8 30. Ne4 Nb6 31. Rd6 Qxa2 32. Rfd1 Bc7 33. Rc6 Bd8 34.
Qe3 Nd5 35. Qh6 Nxf6 36. Nxf6+ Bxf6 37. Rxf6 Qxb2+ 38. Qd2 Qb3 39. Rxa6 Qc4 40.
Qd3 Qc5 41. Rd6 Kg7 42. Rd5 Qc6 43. Qxb5 Qxc3 44. Rxe5 Qc2+ 45. Qe2 Qc6+ 46.
Qe4 Qc3 47. Qd4 Qc2+ 48. Rd2 Qc6+ 49. Rd5+ Kh7 50. Qc5 Qe8 51. Qc2 Qa8 52. Kg1
Qa1+ 53. Rd1 Qa7+ 54. Qc5 Qb8 55. Qd4 Qb3 56. g4 h4 57. Qf2 Qh3 58. R5d4 1-0

[Event "XIII Open"]
[Site "Crema ITA"]
[Date "2011.09.03"]
[Round "4"]
[White "Dallaglio, Giovanni"]
[Black "De Paoli, Emilio"]
[Result "1-0"]
[WhiteElo "1969"]
[BlackElo "1873"]
[PlyCount "79"]
[EventDate "2011.09.02"]

1. d4 Nf6 2. Nf3 g6 3. c4 Bg7 4. Nc3 d5 5. cxd5 Nxd5 6. e4 Nxc3 7. bxc3 O-O 8.
h3 c5 9. Be2 cxd4 10. cxd4 Qa5+ 11. Bd2 Qa3 12. O-O Nd7 13. Bc4 Nb6 14. Bb3 e6
15. Bc1 Qd6 16. a4 Rd8 17. a5 Nd7 18. e5 Qa6 19. Bg5 f6 20. exf6 Nxf6 21. Re1
h6 22. Bh4 b6 23. Bxe6+ Kh7 24. Bxc8 Raxc8 25. Re6 Rf8 26. axb6 Qc4 27. Re7 Nd5
28. Rexa7 Nxb6 29. Ne5 Qc2 30. Qxc2 Rxc2 31. Rb7 Nc8 32. Ra6 g5 33. Bg3 Rd8 34.
Nd7 Kh8 35. Be5 Bxe5 36. dxe5 Kg7 37. Nc5+ Kg8 38. Rg6+ Kh8 39. Rxh6+ Kg8 40.
Ne6 1-0

[Event "XIII Open"]
[Site "Crema ITA"]
[Date "2011.09.03"]
[Round "4"]
[White "Ficco, Corrado"]
[Black "Brociner, Beniamino"]
[Result "1/2-1/2"]
[WhiteElo "2117"]
[BlackElo "1917"]
[PlyCount "47"]
[EventDate "2011.09.02"]

1. e4 c5 2. Nf3 d6 3. d4 cxd4 4. Qxd4 Nc6 5. Bb5 Nf6 6. Bg5 Nd7 7. Qd2 a6 8.
Bxc6 bxc6 9. c4 h6 10. Be3 e6 11. Nc3 Bb7 12. Rd1 Qc7 13. O-O Be7 14. b3 g5 15.
Nd4 c5 16. Nde2 O-O-O 17. f4 gxf4 18. Bxf4 Nf6 19. Ng3 Rh7 20. Qe2 Qc6 21. h3
Rg8 22. Rd3 Ne8 23. Rff3 h5 24. e5 1/2-1/2

[Event "XIII Open"]
[Site "Crema ITA"]
[Date "2011.09.03"]
[Round "4"]
[White "Frugoni, Giulio"]
[Black "Vuckovic, Dimitrije"]
[Result "1-0"]
[WhiteElo "1679"]
[BlackElo "1580"]
[PlyCount "49"]
[EventDate "2011.09.02"]

1. Nf3 Nf6 2. d4 g6 3. c4 Bg7 4. Nc3 O-O 5. Bf4 d6 6. e4 Nbd7 7. Qc2 Nh5 8. Bg3
Re8 9. Be2 Nxg3 10. hxg3 Nf6 11. O-O-O h5 12. Nh4 Ng4 13. Bxg4 Bxg4 14. f3 Bd7
15. e5 dxe5 16. Nxg6 f5 17. Rxh5 Kf7 18. Nxe5+ Bxe5 19. dxe5 e6 20. Rh7+ Kf8
21. Rdxd7 Qg5+ 22. f4 Qxg3 23. Qd2 Qg6 24. Rh3 Rac8 25. Qf2 1-0

[Event "XIII Open"]
[Site "Crema ITA"]
[Date "2011.09.03"]
[Round "4"]
[White "Gagliardi, Christian"]
[Black "Castrogiovanni, Carlo"]
[Result "1-0"]
[WhiteElo "2253"]
[BlackElo "2004"]
[PlyCount "93"]
[EventDate "2011.09.02"]

1. e4 c5 2. Nc3 Nc6 3. Bb5 e6 4. Bxc6 bxc6 5. d3 Nf6 6. e5 Nd5 7. Ne4 d6 8. Nf3
h6 9. O-O Qc7 10. exd6 Bxd6 11. Nxd6+ Qxd6 12. Re1 O-O 13. Ne5 f6 14. Nc4 Qc7
15. b3 e5 16. Ba3 Nb4 17. Qd2 Rb8 18. Nb2 Rd8 19. Na4 Qd6 20. Qe2 Bf5 21. Rec1
Qd4 22. Bb2 Qd6 23. Qe3 Rb5 24. Qf3 Bg6 25. Ba3 Kh7 26. h3 Kg8 27. Qe3 Nd5 28.
Qe1 Nb4 29. Qc3 Nd5 30. Qc4 Bf7 31. Bxc5 Qd7 32. Qe4 Nf4 33. f3 Bd5 34. Qe3
Nxh3+ 35. gxh3 Qxh3 36. Kf2 Qh2+ 37. Ke1 f5 38. Qf2 Qf4 39. Be3 Qb4+ 40. Bd2
Qe7 41. c4 Rb7 42. cxd5 cxd5 43. Kf1 e4 44. Nc5 Rc7 45. d4 f4 46. Ba5 Rxc5 47.
Rxc5 1-0

[Event "XIII Open"]
[Site "Crema ITA"]
[Date "2011.09.03"]
[Round "4"]
[White "Galli, Fabrizio"]
[Black "Ciochetta, Giovanni"]
[Result "0-1"]
[WhiteElo "1469"]
[BlackElo "1624"]
[PlyCount "108"]
[EventDate "2011.09.02"]

1. d4 d5 2. Nf3 Nf6 3. Bg5 Nc6 4. Nbd2 Bf5 5. e3 a6 6. Bxf6 exf6 7. c4 Bb4 8.
c5 O-O 9. a3 Bxd2+ 10. Qxd2 b6 11. cxb6 cxb6 12. b4 b5 13. Be2 Qe7 14. Nh4 Bd7
15. O-O Rfb8 16. Qd3 a5 17. bxa5 Nxa5 18. Nf5 Qe6 19. Bg4 Kf8 20. h3 Qe4 21.
Rfd1 Nc4 22. Nd6 Qxd3 23. Rxd3 Bxg4 24. Nxc4 bxc4 25. Rc3 Be2 26. f3 Bd3 27. g4
Rb2 28. a4 Ra5 29. h4 Bc2 30. e4 Rxa4 31. Rxa4 Bxa4 32. Ra3 Be8 33. Kf1 Rb3 34.
Ra8 Rxf3+ 35. Ke2 dxe4 36. Rc8 Ra3 37. d5 Rd3 38. Rxc4 Rxd5 39. Rxe4 Re5 40.
Ke3 Rxe4+ 41. Kxe4 Bd7 42. Kf4 Ke7 43. Kg3 h6 44. Kf3 Ke6 45. Kf4 g5+ 46. Kg3
Ke5 47. hxg5 fxg5 48. Kf3 f5 49. gxf5 Kxf5 50. Kg3 h5 51. Kf3 Bc6+ 52. Kg3 h4+
53. Kf2 Kg4 54. Kg1 Kg3 0-1

[Event "XIII Open"]
[Site "Crema ITA"]
[Date "2011.09.03"]
[Round "4"]
[White "Gemelli, Giovanni"]
[Black "De Palma, Fabrizio"]
[Result "0-1"]
[WhiteElo "1741"]
[BlackElo "2071"]
[PlyCount "128"]
[EventDate "2011.09.02"]

1. e4 c5 2. Nf3 d6 3. d4 cxd4 4. Nxd4 a6 5. Nc3 e5 6. Nf3 Nf6 7. Bg5 Be6 8. Be2
Nbd7 9. O-O h6 10. Bh4 Be7 11. Bg3 O-O 12. Re1 Rc8 13. Nd2 d5 14. exd5 Nxd5 15.
Nxd5 Bxd5 16. Bf3 Bxf3 17. Nxf3 Qc7 18. c3 f6 19. Qd5+ Rf7 20. Nh4 Nb6 21. Qd3
Nd7 22. Qd5 Qc6 23. Qd3 Bc5 24. Qg6 Nf8 25. Qg4 Kh7 26. Kh1 g6 27. Rad1 b5 28.
Qe2 Re7 29. Qd2 Rd7 30. Qe2 Rcd8 31. Rxd7+ Qxd7 32. h3 Qd2 33. Nf3 Qxe2 34.
Rxe2 Rd1+ 35. Kh2 Nd7 36. a3 Kg7 37. b4 Bb6 38. Rd2 Rxd2 39. Nxd2 Kf7 40. f3
Ke6 41. Be1 Kd5 42. Kg3 Be3 43. h4 Bxd2 44. Bxd2 h5 45. Kf2 f5 46. Ke2 e4 47.
fxe4+ Kxe4 48. g3 Nb6 49. Be1 Nc4 50. Bf2 Nxa3 51. Kd2 Nc4+ 52. Ke2 a5 53. bxa5
Nxa5 54. Bb6 Nc6 55. Bc7 b4 56. cxb4 Nxb4 57. Bd6 Nd5 58. Kf2 f4 59. gxf4 Nxf4
60. Kg3 Ne2+ 61. Kf2 Nd4 62. Bg3 Nf5 63. Kg2 Nxg3 64. Kxg3 Ke3 0-1

[Event "XIII Open"]
[Site "Crema ITA"]
[Date "2011.09.03"]
[Round "4"]
[White "Guzzetti, Luigi Enrico"]
[Black "Mussap, Angelo"]
[Result "1/2-1/2"]
[WhiteElo "1955"]
[BlackElo "2036"]
[PlyCount "120"]
[EventDate "2011.09.02"]

1. e4 e5 2. Nf3 Nf6 3. Nxe5 Qe7 4. Nf3 Qxe4+ 5. Qe2 d5 6. Nc3 Qxe2+ 7. Bxe2 c6
8. d3 Bb4 9. Bd2 Bg4 10. O-O Nbd7 11. Rfe1 O-O 12. Nd4 c5 13. Bxg4 Nxg4 14. Nf5
Ngf6 15. a3 Bxc3 16. Bxc3 d4 17. Bd2 Rfe8 18. Nd6 Rf8 19. Re7 h6 20. b3 b6 21.
Rae1 Rad8 22. h3 Nd5 23. R7e2 N7f6 24. Ne4 Nh5 25. Ng3 Nxg3 26. fxg3 Rd7 27.
Re5 Rc8 28. g4 Rc6 29. h4 Rg6 30. g5 hxg5 31. Rxg5 Kh7 32. Rh5+ Rh6 33. Bxh6
gxh6 34. Rxd5 Rxd5 35. Re7 Kg6 36. Rxa7 Re5 37. Kf2 Rf5+ 38. Kg3 Re5 39. Kf3
Re3+ 40. Kf2 f5 41. Ra6 Re6 42. a4 Kf6 43. Kf3 Ke5 44. a5 bxa5 45. Rxa5 Kd6 46.
b4 cxb4 47. Rxf5 Re1 48. Rb5 Rc1 49. Rh5 Kd7 50. Rb5 Kc6 51. Rh5 Kb6 52. Rxh6+
Kb5 53. Rh5+ Kb6 54. Ke4 Rxc2 55. Kxd4 b3 56. Rh6+ Kb7 57. Rh7+ Kc6 58. Rh6+
Kb7 59. Rh7+ Kb6 60. Rh6+ Kb7 1/2-1/2

[Event "XIII Open"]
[Site "Crema ITA"]
[Date "2011.09.03"]
[Round "4"]
[White "Kizov, Atanas"]
[Black "Ljubisavljevic, Zivojin Z."]
[Result "1-0"]
[WhiteElo "2406"]
[BlackElo "2221"]
[PlyCount "89"]
[EventDate "2011.09.02"]

1. d4 d5 2. c4 c6 3. Nf3 Nf6 4. Qc2 e6 5. g3 Be7 6. Bg2 O-O 7. O-O Nbd7 8. Nbd2
Re8 9. e4 dxe4 10. Nxe4 Nxe4 11. Qxe4 Nb6 12. Qe2 a5 13. Rd1 a4 14. h4 Nd7 15.
h5 Nf8 16. Bg5 h6 17. Bxe7 Rxe7 18. c5 Bd7 19. Ne5 Be8 20. Nc4 Nh7 21. Nb6 Ra6
22. a3 Rxb6 23. cxb6 Qxb6 24. Qc2 Qa6 25. Qc5 Rd7 26. Bf1 Qa8 27. Rac1 Nf6 28.
Bg2 Nd5 29. Qc2 f5 30. Qe2 Bf7 31. Rc5 Nf6 32. Bf3 Qd8 33. Qe5 Re7 34. Ra5 Bxh5
35. Bxh5 Nxh5 36. Rxa4 Nf6 37. Ra7 Ng4 38. Qa5 Qd6 39. Ra8+ Kh7 40. Qd8 Qxd8
41. Rxd8 e5 42. dxe5 Nxe5 43. R1d6 Ng4 44. Rb8 b5 45. Rxc6 1-0